00458nam a2200193 a 4500001001300000003000900013005001700022008004100039020000800080082001300088100001800101245002400119260003800143300000800181500003500189505001000224650001200234700001800246nice12345678IN_TiNIC20260116012800.0050524s1982 laha grp 000 0 urd  ac300a251bGRA aGraham, Billy aPur Umeed Mustaqbil aLahorebMasihi Ishaat Khanac1982 a73p aincludes index and biblioraphy2 aIndex aSermons1 aGraham, Billy